01189cam a2200337 i 4500001001300000003000600013005001700019008004100036035002100077035002400098040004200122100004000164245008000204246003300284260008300317300002600400336002700426337005400453338002800507380001600535504002600551510000700577648001900584650002700603650005600630655002700686658001300713658002300726710003900749787006300788zz2005871061NUKAT20260418213326.0050824s1900 pl |000 0 pol c a(OCoLC)749679022 a(NUKAT)zz2005871061 aWA U/JScWA U/JSdWA U/JLdGD PAN/GSz1 aTarnowski, Stanisławd(1837-1917).10aHistorya literatury polskiej.nT. 5,pWiek XIX. 1831-1850 /cSt. Tarnowski.13aHistoria literatury polskiej aKraków :bDrukarnia "Czasu" pod zarządem Józefa Łakocińskiego,c1900. a[6], 505 s. ;c22 cm. aTekstbtxt2rdacontent aBez urządzenia pośredniczącegobn2rdamedia aWoluminbnc2rdacarrier aKsiążki aBibliogr. s. 486-501.3 aPB 7a1801-19002DBN 7aLiteratura polska2DBN 7aLiteratura polskay19 w.xhistoria i krytyka.2kaba 7aLiteratura polska2DBN aHistoria aLiteraturoznawstwo2 aDrukarnia "Czasu" (Kraków).4prt c16217/4tHistorya literatury polskiej. T. 4wzz2006801448